Central Library OPAC University of Rajshahi

Industrial planning for Pakistan. (Record no. 43364)

MARC details
000 -LEADER
fixed length control field 00664nam a2200241 a 4500
001 - CONTROL NUMBER
control field 43364
003 - CONTROL NUMBER IDENTIFIER
rucl marc code BD-RjUL
005 - DATE AND TIME OF LATEST TRANSACTION
control field 20211209053704.0
008 - FIXED-LENGTH DATA ELEMENTS--GENERAL INFORMATION
fixed length control field 160621s1948 pk b 000 0 eng
035 ## - SYSTEM CONTROL NUMBER
System control number (BD-RjUL)
040 ## - CATALOGING SOURCE
Original cataloging agency DLC
Transcribing agency ICU
Modifying agency ICU
-- BD-RjUL
Language of cataloging eng
041 ## - LANGUAGE CODE
Language code of text/sound track or separate title eng
082 00 - DEWEY DECIMAL CLASSIFICATION NUMBER
Classification number 338.954
Author mark and year KUI 1948
100 1# - MAIN ENTRY--PERSONAL NAME
Personal name Kureshi, Bashir Ahmad
Dates associated with a name 1914-
9 (RLIN) 133193
245 10 - TITLE STATEMENT
Title Industrial planning for Pakistan.
260 ## - PUBLICATION, DISTRIBUTION, ETC. (IMPRINT)
Place of publication, distribution, etc. Lahore :
Name of publisher, distributor, etc. Ferozsons,
Date of publication, distribution, etc. 1948
300 ## - PHYSICAL DESCRIPTION
Pagination ii, 170 p. ;
Size 22 cm.
500 ## - GENERAL NOTE
General note "Errata": leaf inserted.
504 ## - BIBLIOGRAPHY, ETC. NOTE
Bibliography, etc Bibliography: p. 169-170.
650 #0 - SUBJECT ADDED ENTRY--TOPICAL TERM
Topical term or geographic name as entry element Industries
Geographic subdivision Pakistan.
9 (RLIN) 132624
942 ## - ADDED ENTRY ELEMENTS (KOHA)
Source of classification or shelving scheme Dewey Decimal Classification
Koha item type Books
Holdings
Lost status Source of classification or shelving scheme Damaged status Not for loan Collection code Permanent Location Current Location Shelving location Date acquired Source of acquisition Cost, normal purchase price Total Checkouts Full call number Date last seen Copy number Koha item type
  Dewey Decimal Classification     Non-fiction Central Library, University of Rajshahi Central Library, University of Rajshahi   11/06/1955 Pak Ameriaca 3.80   338.954 KUI 1948 21/06/2016 C-2 Books